| 000 | 00638cam a22002291 4500 | ||
|---|---|---|---|
| 001 | ca 31000091 | ||
| 003 | DLC | ||
| 005 | 20260227111124.0 | ||
| 008 | 820717s1930 nyua 000 0 eng | ||
| 010 | _aca 31000091 | ||
| 035 | _a(OCoLC)8608789 | ||
| 040 |
_aDLC _cOCoLC _dOCoLC _dDLC |
||
| 042 | _apremarc | ||
| 050 | 0 | 0 |
_aHE2791 _b.P4 1930 |
| 082 | _a385.0973 | ||
| 100 | 1 |
_aBarriger, John W. _q(John Walker), _d1899-1976. |
|
| 245 | 1 | 4 | _aThe Pennsylvania Railroad. |
| 260 |
_a[New York] _bC. Bullock _c[c1930] |
||
| 300 |
_a88 p. _billus. _c31 cm. |
||
| 500 | _aSigned by John W. Barriger, III. | ||
| 610 | 2 | 0 | _aPennsylvania Railroad. |
| 999 |
_c16757 _d16757 |
||